[Event "CAN-ch"]
[Site "Montreal CAN"]
[Date "2012.08.10"]
[Round "8"]
[White "Panjwani, Raja"]
[Black "Gerzhoy, Leonid"]
[Result "0-1"]
[WhiteElo "2416"]
[BlackElo "2448"]
[PlyCount "71"]
[GameId "2160767909441756"]
[EventDate "2012.08.04"]
[EventType "swiss"]
[EventRounds "9"]
[EventCountry "CAN"]
[SourceTitle "EXT 2022"]
[Source "ChessBase"]
[SourceDate "2021.10.06"]
[SourceVersion "1"]
[SourceVersionDate "2021.10.06"]
[SourceQuality "1"]

1. c4 e6 2. Nf3 d5 3. g3 dxc4 4. Qa4+ Nd7 5. Qxc4 a6 6. Bg2 b5 7. Qc2 Bb7 8. O-O Ngf6 9. b3 Be7 10. Bb2 c5 11. d3 O-O 12. Nbd2 Nd5 13. a3 Rc8 14. Rac1 Bf6 15. Ne4 Bxb2 16. Qxb2 Qe7 17. Rc2 b4 18. a4 f5 19. Ned2 e5 20. e4 Nc3 21. exf5 Rxf5 22. Ne4 Rff8 23. Nfd2 Ne2+ 24. Kh1 Nd4 25. Rcc1 Nf6 26. Nc4 Nxe4 27. dxe4 Qe6 28. Rce1 a5 29. f4 Ba6 30. Nxe5 Qxb3 31. Qxb3+ Nxb3 32. Bh3 Rce8 33. Nd7 Bxf1 34. Bxf1 Nd2 35. Bb5 c4 36. Nxf8 0-1

[Event "CAN-ch"]
[Site "Montreal CAN"]
[Date "2012.08.10"]
[Round "8"]
[White "Preotu, Razvan"]
[Black "Kraiouchkine, Nikita"]
[Result "0-1"]
[WhiteElo "2262"]
[BlackElo "2332"]
[PlyCount "166"]
[GameId "2160767909441757"]
[EventDate "2012.08.04"]
[EventType "swiss"]
[EventRounds "9"]
[EventCountry "CAN"]
[SourceTitle "EXT 2022"]
[Source "ChessBase"]
[SourceDate "2021.10.06"]
[SourceVersion "1"]
[SourceVersionDate "2021.10.06"]
[SourceQuality "1"]

1. e4 e5 2. Nf3 Nc6 3. d4 exd4 4. Nxd4 Nf6 5. Nxc6 bxc6 6. e5 Qe7 7. Qe2 Nd5 8. c4 Nb6 9. Nd2 d5 10. exd6 cxd6 11. b3 Bg4 12. Qxe7+ Bxe7 13. Bb2 O-O 14. Bd3 d5 15. cxd5 Bb4 16. f3 Rfe8+ 17. Kd1 Nxd5 18. Nc4 Nf4 19. Bc2 Bh5 20. a3 Rad8+ 21. Kc1 Bc5 22. g4 Bg6 23. b4 Bf2 24. Bxg6 hxg6 25. Rd1 Nd3+ 26. Kc2 Ne1+ 27. Kb3 Nxf3 28. Rxd8 Rxd8 29. Rf1 Rd2 30. Bc3 Re2 31. Rd1 Re7 32. Rf1 Nd4+ 33. Ka4 Re2 34. Na5 Nb5 35. Ba1 Ra2 36. Nxc6 a6 37. Kb3 Rxa3+ 38. Kc2 Bh4 39. Ne5 Bf6 40. Bb2 Re3 41. Nc4 Re2+ 42. Kd3 Rxb2 43. Nxb2 Bxb2 44. Rf2 Be5 45. Ra2 Nc7 46. Kc4 f6 47. Rd2 Kf8 48. h4 Ke7 49. h5 gxh5 50. gxh5 f5 51. Rg2 Ke6 52. Rg6+ Bf6 53. h6 gxh6 54. Rxh6 f4 55. Rh5 Be5 56. Rh6+ Kf5 57. Kd3 Nd5 58. Rh5+ Ke6 59. Rh6+ Nf6 60. Rh8 Kf5 61. Ra8 Nd5 62. Rf8+ Bf6 63. Kc4 Ke4 64. Re8+ Be5 65. Rd8 Ne3+ 66. Kc5 f3 67. Rd2 Bc3 68. Ra2 Ng4 69. Kc4 Be5 70. Kc5 f2 71. Rxf2 Nxf2 72. Kb6 Nd3 73. Kxa6 Nxb4+ 74. Kb7 Kd5 75. Ka8 Kc6 76. Ka7 Bh2 77. Ka8 Nd5 78. Ka7 Nb6 79. Ka6 Bb8 80. Ka5 Nd5 81. Ka4 Kc5 82. Kb3 Nb4 83. Kc3 Bf4 0-1

[Event "CAN-ch"]
[Site "Montreal CAN"]
[Date "2012.08.10"]
[Round "8"]
[White "Zhu, Hong Rui"]
[Black "Upper, John"]
[Result "1-0"]
[WhiteElo "2029"]
[BlackElo "2036"]
[PlyCount "65"]
[GameId "2160767909441758"]
[EventDate "2012.08.04"]
[EventType "swiss"]
[EventRounds "9"]
[EventCountry "CAN"]
[SourceTitle "EXT 2022"]
[Source "ChessBase"]
[SourceDate "2021.10.06"]
[SourceVersion "1"]
[SourceVersionDate "2021.10.06"]
[SourceQuality "1"]

1. e4 e6 2. d4 d5 3. e5 c5 4. c3 Nc6 5. Nf3 Qb6 6. a3 c4 7. g3 f6 8. Bh3 fxe5 9. Nxe5 Nxe5 10. dxe5 Bc5 11. O-O Ne7 12. Nd2 Bd7 13. a4 O-O 14. a5 Qc7 15. b4 Bxf2+ 16. Rxf2 Rxf2 17. Kxf2 Rf8+ 18. Nf3 Qxe5 19. Bd2 Bc6 20. Qe2 Ng6 21. b5 Bxb5 22. Re1 Qxe2+ 23. Kxe2 Bd7 24. Rb1 Bc8 25. Be3 a6 26. Bd4 Re8 27. Ne5 Nxe5 28. Bxe5 g6 29. Ke3 Kf7 30. Kd4 Ke7 31. Kc5 Kd7 32. Rf1 Re7 33. Rf8 1-0

[Event "CAN-ch"]
[Site "Montreal CAN"]
[Date "2012.08.11"]
[Round "8"]
[White "Robichaud, Louis"]
[Black "Itkin, David"]
[Result "1-0"]
[WhiteElo "2100"]
[BlackElo "2058"]
[PlyCount "119"]
[GameId "2160767909441759"]
[EventDate "2012.08.04"]
[EventType "swiss"]
[EventRounds "9"]
[EventCountry "CAN"]
[SourceTitle "EXT 2022"]
[Source "ChessBase"]
[SourceDate "2021.10.06"]
[SourceVersion "1"]
[SourceVersionDate "2021.10.06"]
[SourceQuality "1"]

1. e4 c5 2. Nc3 Nc6 3. g3 g6 4. Bg2 Bg7 5. d3 d6 6. f4 e6 7. Nf3 Nge7 8. O-O O-O 9. Be3 b6 10. d4 Ba6 11. Re1 Na5 12. a4 Nc4 13. b3 Nxe3 14. Rxe3 d5 15. e5 Nf5 16. Re1 Qc7 17. g4 Nxd4 18. Nxd4 cxd4 19. Qxd4 Rfc8 20. Re3 Bf8 21. b4 Qc4 22. Qxc4 Bxc4 23. Na2 Bxa2 24. Rxa2 Bxb4 25. Rf3 Rc6 26. Bf1 Rac8 27. Bd3 Bc3 28. h4 h6 29. g5 Kg7 30. Kg2 Rh8 31. Ra3 Bd4 32. Rb3 hxg5 33. hxg5 Rh4 34. Rb1 Rc3 35. Rb3 Rc8 36. c3 Rxc3 37. Rxc3 Bxc3 38. Bb5 d4 39. Rf1 Kf8 40. Kg3 Rh8 41. Bd3 Ke7 42. Rc1 Rc8 43. Kf3 Rc5 44. Bb5 Kf8 45. Ke4 Kg7 46. Kf3 Rc8 47. Bf1 Rh8 48. Rd1 Kf8 49. Kg3 Ke7 50. Bb5 Rd8 51. Kf3 Bb2 52. Bf1 Rc8 53. Bb5 Rc3+ 54. Rd3 Rc1 55. Kf2 Ra1 56. Rh3 Bc1 57. Rh8 Be3+ 58. Ke2 f5 59. gxf6+ Kf7 60. Be8# 1-0

[Event "CAN-ch"]
[Site "Montreal CAN"]
[Date "2012.08.11"]
[Round "9"]
[White "Chiku-Ratte, Olivier-Kenta"]
[Black "Carrier, Claude"]
[Result "0-1"]
[WhiteElo "2107"]
[BlackElo "2154"]
[PlyCount "82"]
[GameId "2160767909441760"]
[EventDate "2012.08.04"]
[EventType "swiss"]
[EventRounds "9"]
[EventCountry "CAN"]
[SourceTitle "EXT 2022"]
[Source "ChessBase"]
[SourceDate "2021.10.06"]
[SourceVersion "1"]
[SourceVersionDate "2021.10.06"]
[SourceQuality "1"]

1. d4 Nf6 2. c4 g6 3. Nc3 d5 4. cxd5 Nxd5 5. e4 Nxc3 6. bxc3 c5 7. Nf3 Bg7 8. Rb1 O-O 9. Be2 Nc6 10. d5 Ne5 11. Nxe5 Bxe5 12. Qd2 e6 13. f4 Bc7 14. O-O exd5 15. exd5 Ba5 16. Bb2 Bf5 17. Rbd1 Qd6 18. Kh1 Rfe8 19. Bf3 c4 20. Rfe1 Rad8 21. Qd4 Bc2 22. Rc1 Bd3 23. Rxe8+ Rxe8 24. Qxa7 Qxf4 25. Qg1 Qd2 26. Ba3 Bxc3 27. d6 Bf5 28. Bc5 Bb4 29. Bf2 Bxd6 30. Rxc4 Qxa2 31. Bd5 Qe2 32. Rc1 Bxh2 33. Bxf7+ Kxf7 34. Qxh2 Qxf2 35. Rc7+ Kf6 36. Qd6+ Kg5 37. Re7 Ra8 38. Qe5 Ra4 39. Rxh7 Re4 40. Qc3 Re1+ 41. Kh2 Qg1+ 0-1

[Event "CAN-ch"]
[Site "Montreal CAN"]
[Date "2012.08.11"]
[Round "9"]
[White "Filipovich, David"]
[Black "Derraugh, Geordie"]
[Result "1/2-1/2"]
[WhiteElo "2091"]
[BlackElo "2097"]
[PlyCount "102"]
[GameId "2160767909441761"]
[EventDate "2012.08.04"]
[EventType "swiss"]
[EventRounds "9"]
[EventCountry "CAN"]
[SourceTitle "CBM 149 Extra"]
[Source "ChessBase"]
[SourceDate "2012.08.24"]
[SourceVersion "1"]
[SourceVersionDate "2012.08.24"]
[SourceQuality "1"]

1. Nf3 Nf6 2. g3 g6 3. Bg2 Bg7 4. O-O O-O 5. d4 d5 6. c4 c6 7. b3 Ne4 8. Bb2 Be6 9. Qc2 Nd7 10. Nbd2 f5 11. Rad1 Qe8 12. e3 h6 13. cxd5 cxd5 14. Ne5 Rc8 15. Qd3 g5 16. Rc1 Qh5 17. Nxe4 fxe4 18. Qb5 Rxc1 19. Rxc1 a6 20. Qf1 Nxe5 21. dxe5 Rc8 22. Rxc8+ Bxc8 23. Qc1 Qg4 24. Bf1 Qd7 25. Qc5 Kf7 26. Qd4 Qe6 27. h3 Ke8 28. Be2 Qc6 29. Kg2 e6 30. Ba3 Qc7 31. Bh5+ Kd8 32. Bb2 Bf8 33. Bc3 Qc5 34. Qd2 Bd7 35. Bd1 Kc7 36. a4 Be7 37. Be2 Qa3 38. Qc2 Bc6 39. Ba5+ Kd7 40. Bb6 Qb4 41. Bd4 Bf8 42. Bd1 a5 43. Qe2 b5 44. axb5 Bxb5 45. Qc2 Bd3 46. Qc3 Qxc3 47. Bxc3 Bb4 48. Bd4 Bb5 49. Bg4 Ke7 50. Bd1 Be8 51. Be2 Bd7 1/2-1/2

[Event "CAN-ch"]
[Site "Montreal CAN"]
[Date "2012.08.11"]
[Round "9"]
[White "Itkin, David"]
[Black "Preotu, Razvan"]
[Result "1-0"]
[WhiteElo "2058"]
[BlackElo "2080"]
[PlyCount "65"]
[GameId "2160767909441762"]
[EventDate "2012.08.04"]
[EventType "swiss"]
[EventRounds "9"]
[EventCountry "CAN"]
[SourceTitle "CBM 149 Extra"]
[Source "ChessBase"]
[SourceDate "2012.08.24"]
[SourceVersion "1"]
[SourceVersionDate "2012.08.24"]
[SourceQuality "1"]

1. e4 c5 2. Nf3 Nc6 3. Nc3 g6 4. d4 cxd4 5. Nxd4 Bg7 6. Be3 Nf6 7. Bc4 Qa5 8. O-O O-O 9. Nb3 Qc7 10. f4 d6 11. Be2 b6 12. Bf3 Bb7 13. Qe2 Rac8 14. g4 Rfe8 15. Rad1 Qb8 16. g5 Nd7 17. Bg4 Rcd8 18. h4 Nc5 19. Qg2 Bxc3 20. Nxc5 Bxb2 21. Nd3 Bg7 22. f5 Ne5 23. Nxe5 dxe5 24. Rxd8 Qxd8 25. h5 e6 26. f6 Bf8 27. hxg6 hxg6 28. Bh5 gxh5 29. g6 Qd7 30. gxf7+ Kxf7 31. Qf3 Kg6 32. f7 Re7 33. Qg3+ 1-0

[Event "CAN-ch"]
[Site "Montreal CAN"]
[Date "2012.08.11"]
[Round "9"]
[White "Kraiouchkine, Nikita"]
[Black "Jiang, Louie"]
[Result "1/2-1/2"]
[WhiteElo "2332"]
[BlackElo "2327"]
[PlyCount "111"]
[GameId "2160767909441763"]
[EventDate "2012.08.04"]
[EventType "swiss"]
[EventRounds "9"]
[EventCountry "CAN"]
[SourceTitle "EXT 2022"]
[Source "ChessBase"]
[SourceDate "2021.10.06"]
[SourceVersion "1"]
[SourceVersionDate "2021.10.06"]
[SourceQuality "1"]

1. e4 c5 2. Nf3 a6 3. c3 d5 4. exd5 Qxd5 5. d4 Nf6 6. Be3 cxd4 7. cxd4 e6 8. Nc3 Qd6 9. Ne5 Nc6 10. Qa4 Bd7 11. Nxd7 Qxd7 12. Be2 Be7 13. Bf3 Rc8 14. O-O O-O 15. Rfd1 Rfd8 16. a3 h6 17. Rac1 Bd6 18. Ne4 Nxe4 19. Bxe4 Ne7 20. Qxd7 Rxd7 21. Rxc8+ Nxc8 22. d5 Ne7 23. dxe6 Bxh2+ 24. Kxh2 Rxd1 25. Bc5 Kf8 26. Bxb7 a5 27. exf7 Kxf7 28. b4 axb4 29. axb4 Rb1 30. Be4 Rb2 31. f4 Ke6 32. Bd3 Nc6 33. b5 Na5 34. Bf8 Kf7 35. Bc5 Rb3 36. Be2 Kg6 37. Bd4 Nb7 38. b6 Rb4 39. Be3 Rb3 40. Bd4 Nd8 41. Bf3 Ne6 42. Be4+ Kh5 43. Bd5 Rb4 44. g4+ Kxg4 45. Bxe6+ Kxf4 46. Bf2 Rb2 47. Kg1 Rb1+ 48. Kg2 Ke5 49. Bg4 Kd6 50. Bf5 Rb2 51. Be4 Kd7 52. Bb7 Kd6 53. Ba8 Kd7 54. Bb7 Kd6 55. Be4 Kd7 56. Kf3 1/2-1/2

[Event "CAN-ch"]
[Site "Montreal CAN"]
[Date "2012.08.11"]
[Round "9"]
[White "Luo, Zhao Yang"]
[Black "Khassanov, Marat"]
[Result "0-1"]
[WhiteElo "1991"]
[BlackElo "2273"]
[PlyCount "146"]
[GameId "2160767909441764"]
[EventDate "2012.08.04"]
[EventType "swiss"]
[EventRounds "9"]
[EventCountry "CAN"]
[SourceTitle "hb 2012"]

1. d4 Nf6 2. Nf3 c5 3. e3 b6 4. Bd3 Bb7 5. O-O g6 6. c4 Bg7 7. Nc3 O-O 8. d5 e6 9. e4 exd5 10. exd5 d6 11. Bg5 h6 12. Bh4 g5 13. Bg3 Nh5 14. Ne4 Nxg3 15. Nxg3 Bc8 16. Qc2 Nd7 17. Nf5 Nf6 18. Nxg7 Kxg7 19. Rfe1 Ng8 20. Bf5 Qf6 21. Bxc8 Rfxc8 22. Re2 Re8 23. Rae1 Kf8 24. h3 Rxe2 25. Qxe2 Ne7 26. Nh2 Nf5 27. Ng4 Qg6 28. Qe4 h5 29. Nh2 Nd4 30. Qe7+ Kg7 31. Nf1 g4 32. h4 Nf5 33. Qb7 Rf8 34. Re6 Qh7 35. Qxa7 Kg8 36. Re1 Nxh4 37. Qe7 Nf5 38. Qg5+ Qg6 39. Qxg6+ fxg6 40. Re6 Kg7 41. Ne3 Rf6 42. Re8 Kf7 43. Rb8 Nxe3 44. fxe3 g3 45. Rxb6 Rf2 46. a4 h4 47. Rb7+ Kf6 48. Rb8 Kg5 49. e4 Rc2 50. Rf8 Rxc4 51. b3 Rxe4 52. a5 Re7 53. Rf1 Rb7 54. Ra1 Rxb3 55. a6 Rb8 56. a7 Ra8 57. Kf1 Kf5 58. Ke2 Ke5 59. Kf3 Kxd5 60. Kg4 c4 61. Kxh4 c3 62. Kxg3 Kc4 63. Ra6 d5 64. Kf4 Kd3 65. Rd6 d4 66. Ke5 Re8+ 67. Re6 Rf8 68. Rf6 Re8+ 69. Re6 Rh8 70. g4 c2 71. Rc6 Ra8 72. Kf6 Kd2 73. Ke5 d3 0-1

[Event "CAN-ch"]
[Site "Montreal CAN"]
[Date "2012.08.11"]
[Round "9"]
[White "Masse, Hugues"]
[Black "Humphreys, Michael"]
[Result "0-1"]
[WhiteElo "2232"]
[BlackElo "2179"]
[PlyCount "74"]
[GameId "2160767909441765"]
[EventDate "2012.08.04"]
[EventType "swiss"]
[EventRounds "9"]
[EventCountry "CAN"]
[SourceTitle "CBM 149 Extra"]
[Source "ChessBase"]
[SourceDate "2012.08.24"]
[SourceVersion "1"]
[SourceVersionDate "2012.08.24"]
[SourceQuality "1"]

1. d4 Nf6 2. c4 e6 3. g3 c5 4. d5 exd5 5. cxd5 d6 6. Nc3 g6 7. Bg2 Bg7 8. Nf3 O-O 9. O-O a6 10. a4 Nbd7 11. Nd2 Re8 12. h3 Rb8 13. Nc4 Ne5 14. Na3 Nh5 15. e4 Bd7 16. a5 b5 17. axb6 Bb5 18. Naxb5 axb5 19. Nxb5 Qxb6 20. Na3 Qb3 21. g4 Nf6 22. Qxb3 Rxb3 23. Bf4 Nfd7 24. Ra2 Ra8 25. Rfa1 Nd3 26. Bxd6 Nb4 27. e5 Nxa2 28. e6 Rbxa3 29. exd7 R3a7 30. Bxc5 Rxd7 31. d6 Rc8 32. Ba3 Rc1+ 33. Rxc1 Nxc1 34. Bc6 Rd8 35. Bb5 Bf8 36. b3 Nxb3 37. Bc4 Nd2 0-1

[Event "CAN-ch"]
[Site "Montreal CAN"]
[Date "2012.08.11"]
[Round "9"]
[White "Noritsyn, Nikolay"]
[Black "Hebert, Jean"]
[Result "1-0"]
[WhiteElo "2472"]
[BlackElo "2410"]
[PlyCount "79"]
[GameId "2160767909441766"]
[EventDate "2012.08.04"]
[EventType "swiss"]
[EventRounds "9"]
[EventCountry "CAN"]
[SourceTitle "CBM 149 Extra"]
[Source "ChessBase"]
[SourceDate "2012.08.24"]
[SourceVersion "1"]
[SourceVersionDate "2012.08.24"]
[SourceQuality "1"]

1. e4 c5 2. Nf3 Nc6 3. Bb5 d6 4. O-O Bg4 5. h3 Bh5 6. Re1 a6 7. Bxc6+ bxc6 8. e5 e6 9. exd6 Bxd6 10. Nc3 Nf6 11. d3 Nd5 12. Ne4 Be7 13. Ng3 Bg6 14. Ne5 Bf6 15. Bd2 Qc7 16. Nc4 O-O 17. Qg4 Kh8 18. Qf3 Be7 19. Re2 a5 20. a4 Nb4 21. Bf4 Qd8 22. Rae1 Ra7 23. Nf1 f6 24. Bc1 Bf7 25. Ng3 Rd7 26. Be3 Rd5 27. Bc1 Rd7 28. b3 Ra7 29. Ba3 Rd7 30. Bxb4 cxb4 31. Qxc6 Rd5 32. Rxe6 Bxe6 33. Rxe6 Bc5 34. Ne4 Bd4 35. Ned6 Qa8 36. Qd7 f5 37. Kf1 f4 38. Re4 h6 39. Qe6 f3 40. g4 1-0

[Event "CAN-ch"]
[Site "Montreal CAN"]
[Date "2012.08.11"]
[Round "9"]
[White "Oussedik, Elias"]
[Black "Zhu, Hong Rui"]
[Result "0-1"]
[WhiteElo "2005"]
[BlackElo "2029"]
[PlyCount "108"]
[GameId "2160767909441767"]
[EventDate "2012.08.04"]
[EventType "swiss"]
[EventRounds "9"]
[EventCountry "CAN"]
[SourceTitle "EXT 2022"]
[Source "ChessBase"]
[SourceDate "2021.10.06"]
[SourceVersion "1"]
[SourceVersionDate "2021.10.06"]
[SourceQuality "1"]

1. d4 d5 2. Nf3 Nf6 3. e3 e6 4. Bd3 c5 5. O-O Nc6 6. b3 Bd6 7. Bb2 cxd4 8. exd4 Qc7 9. a3 h6 10. Re1 Bd7 11. Ne5 O-O 12. Nd2 Rfd8 13. f4 Bf8 14. g4 Nxe5 15. fxe5 Nh7 16. Qf3 g6 17. Rf1 Be8 18. Rae1 Bg7 19. Qg3 Qe7 20. Nf3 a6 21. Bc1 Rac8 22. Qh3 Qf8 23. c4 dxc4 24. bxc4 b6 25. g5 h5 26. Bb2 Qe7 27. Qg3 Nf8 28. Nd2 Bc6 29. Ne4 Bxe4 30. Rxe4 Qb7 31. Ref4 Rd7 32. Qf2 Rcc7 33. Be2 Qc6 34. Qe3 Re7 35. Qb3 Nd7 36. a4 Nb8 37. Ba3 Red7 38. Bd6 Rxd6 39. exd6 Qxd6 40. Qe3 Nc6 41. Rd1 Ne7 42. Qe4 Nf5 43. d5 Qe7 44. h4 Qc5+ 45. Kh2 Re7 46. dxe6 Rxe6 47. Qa8+ Kh7 48. Bxh5 Be5 49. Qf3 gxh5 50. Kg2 Bxf4 51. Qxh5+ Kg7 52. Rd8 Qc6+ 53. Kh3 Re3+ 54. Kg4 Qf3+ 0-1

[Event "CAN-ch"]
[Site "Montreal CAN"]
[Date "2012.08.11"]
[Round "9"]
[White "Pechenkin, Vladimir"]
[Black "Gusev, Nikita"]
[Result "0-1"]
[WhiteElo "2334"]
[BlackElo "2117"]
[PlyCount "114"]
[GameId "2160767909441768"]
[EventDate "2012.08.04"]
[EventType "swiss"]
[EventRounds "9"]
[EventCountry "CAN"]
[SourceTitle "CBM 149 Extra"]
[Source "ChessBase"]
[SourceDate "2012.08.24"]
[SourceVersion "1"]
[SourceVersionDate "2012.08.24"]
[SourceQuality "1"]

1. c4 e6 2. g3 d5 3. Bg2 g6 4. Nf3 Bg7 5. O-O Ne7 6. d4 Nbc6 7. cxd5 exd5 8. Nc3 O-O 9. b3 Re8 10. Ba3 Bf5 11. Qd2 Nc8 12. e3 Nd6 13. Bxd6 Qxd6 14. Ne1 Ne7 15. Nd3 c6 16. Rac1 Nc8 17. Rfe1 Qd8 18. Nc5 Nd6 19. h4 Rc8 20. Kh2 Rc7 21. Nd3 Bc8 22. Nf4 Nf5 23. Qc2 Rce7 24. Nce2 Nd6 25. Bh3 Bf5 26. Bxf5 Nxf5 27. Ng2 Re4 28. Nc3 R4e7 29. Qd1 Nd6 30. Qf3 Ne4 31. Nxe4 Rxe4 32. Red1 Qd6 33. Rc5 Bf8 34. Rdc1 Qd7 35. R5c2 Bd6 36. Rb1 Qe7 37. Kg1 f5 38. Rcb2 Ba3 39. Rc2 Bd6 40. Rcb2 Ba3 41. Rd2 Bd6 42. Rd3 Rf8 43. Qd1 Rf7 44. Rb2 h6 45. Rc2 Kh7 46. Qf3 Kg7 47. Kf1 Qf6 48. Re2 g5 49. hxg5 hxg5 50. Red2 Qh6 51. Ne1 f4 52. gxf4 gxf4 53. Qg2+ Kf8 54. exf4 Bb4 55. Re2 Rg7 56. Qh3 Rxe2 57. Kxe2 Re7+ 0-1

[Event "CAN-ch"]
[Site "Montreal CAN"]
[Date "2012.08.11"]
[Round "9"]
[White "Qin, Zi Yi (Joey)"]
[Black "Hamilton, Robert"]
[Result "1/2-1/2"]
[WhiteElo "2198"]
[BlackElo "2305"]
[PlyCount "156"]
[GameId "2160767909441769"]
[EventDate "2012.08.04"]
[EventType "swiss"]
[EventRounds "9"]
[EventCountry "CAN"]
[SourceTitle "hb 2012"]

1. e4 c5 2. Nf3 e6 3. d4 cxd4 4. Nxd4 a6 5. Nc3 d6 6. Bc4 Nf6 7. O-O b5 8. Bb3 Bb7 9. Re1 Nc6 10. Bg5 h6 11. Bh4 Be7 12. Nxc6 Bxc6 13. Qd4 Qc7 14. Rad1 O-O-O 15. f3 d5 16. e5 Bb7 17. Kh1 Bc5 18. Qd2 g5 19. Bf2 Bxf2 20. Qxf2 Nd7 21. Qe3 Qc5 22. Qxc5+ Nxc5 23. Ne2 a5 24. c3 Kd7 25. Bc2 b4 26. cxb4 axb4 27. Rd4 Ra8 28. Nc1 Na6 29. Nd3 Bc6 30. Bb3 Rab8 31. Kg1 Ke7 32. Kf2 Bd7 33. h4 Rhc8 34. hxg5 hxg5 35. Rh1 Rg8 36. Rh7 Be8 37. Ke3 Rb6 38. Rg4 Kf8 39. Rh1 Rb7 40. Kd2 Rb6 41. Rh3 Ke7 42. Rhg3 Rh8 43. Rxg5 Bb5 44. Rg8 Rh5 45. Rh3 Rxh3 46. gxh3 Nb8 47. f4 Nd7 48. Nxb4 f6 49. exf6+ Nxf6 50. Rg7+ Kf8 51. Ra7 Bf1 52. Nd3 Bxh3 53. Ne5 Kg8 54. Ke3 Bf5 55. Kd4 Rb4+ 56. Kc5 Rxf4 57. Kd6 Rh4 58. Ra8+ Kg7 59. Ra7+ Kh6 60. Ra8 Rh2 61. Ke7 Nh7 62. Nf7+ Kg7 63. Nd6 Bg4 64. Ne8+ Kg6 65. Nc7 Nf6 66. Kd6 d4 67. Nxe6 Bxe6 68. Kxe6 Rxb2 69. Ra4 Re2+ 70. Kd6 Ne4+ 71. Kc6 d3 72. Rd4 Nf2 73. Kd5 Kf5 74. Bc4 Re8 75. Bxd3+ Nxd3 76. Rxd3 Rd8+ 77. Kc4 Rxd3 78. Kxd3 Ke5 1/2-1/2

[Event "CAN-ch"]
[Site "Montreal CAN"]
[Date "2012.08.11"]
[Round "9"]
[White "Sambuev, Bator"]
[Black "Gerzhoy, Leonid"]
[Result "1/2-1/2"]
[WhiteElo "2523"]
[BlackElo "2448"]
[PlyCount "38"]
[GameId "2160767909441770"]
[EventDate "2012.08.04"]
[EventType "swiss"]
[EventRounds "9"]
[EventCountry "CAN"]
[SourceTitle "CBM 149 Extra"]
[Source "ChessBase"]
[SourceDate "2012.08.24"]
[SourceVersion "1"]
[SourceVersionDate "2012.08.24"]
[SourceQuality "1"]

1. d4 d5 2. c4 c6 3. cxd5 cxd5 4. Nc3 Nf6 5. Nf3 Nc6 6. Bf4 Bf5 7. e3 e6 8. Bd3 Bxd3 9. Qxd3 Bd6 10. Bxd6 Qxd6 11. O-O O-O 12. Rac1 Rac8 13. a3 a6 14. e4 dxe4 15. Nxe4 Nxe4 16. Qxe4 Qd5 17. Qxd5 exd5 18. Rfe1 Rfe8 19. Kf1 Kf8 1/2-1/2

[Event "CAN-ch"]
[Site "Montreal CAN"]
[Date "2012.08.11"]
[Round "9"]
[White "Song, Michael"]
[Black "Robichaud, Louis"]
[Result "1-0"]
[WhiteElo "2154"]
[BlackElo "2100"]
[PlyCount "57"]
[GameId "2160767909441771"]
[EventDate "2012.08.04"]
[EventType "swiss"]
[EventRounds "9"]
[EventCountry "CAN"]
[SourceTitle "EXT 2022"]
[Source "ChessBase"]
[SourceDate "2021.10.06"]
[SourceVersion "1"]
[SourceVersionDate "2021.10.06"]
[SourceQuality "1"]

1. e4 e5 2. Nc3 Nf6 3. Nge2 Nc6 4. g3 Bc5 5. Bg2 h5 6. h3 d6 7. Na4 Be6 8. d3 Qd7 9. Nxc5 dxc5 10. Be3 Qd6 11. Qd2 O-O-O 12. b3 Nd7 13. c3 Nb6 14. O-O-O Rd7 15. Qb2 Rhd8 16. Qa3 Qe7 17. Bxc5 Qf6 18. Kc2 Kb8 19. Be3 h4 20. g4 g5 21. Qc1 Rg8 22. Kb1 Bxb3 23. axb3 Qe6 24. Qc2 Na5 25. Nc1 c5 26. Bxc5 Rc8 27. b4 Na8 28. Qa2 b6 29. Qxe6 1-0

[Event "CAN-ch"]
[Site "Montreal CAN"]
[Date "2012.08.11"]
[Round "9"]
[White "Upper, John"]
[Black "Anastasovski, Nikola"]
[Result "0-1"]
[WhiteElo "2036"]
[BlackElo "2070"]
[PlyCount "118"]
[GameId "2160767909441772"]
[EventDate "2012.08.04"]
[EventType "swiss"]
[EventRounds "9"]
[EventCountry "CAN"]
[SourceTitle "hb 2012"]

1. d4 e6 2. e4 b6 3. c4 Bb7 4. Bd3 g6 5. Nf3 Bg7 6. Nc3 Ne7 7. Be3 a6 8. Qd2 h5 9. O-O-O d6 10. d5 e5 11. Ng5 Nd7 12. g3 Nf6 13. h3 Nh7 14. h4 Qd7 15. Bf1 Ng8 16. Bh3 Qe7 17. f4 Bc8 18. Bxc8 Rxc8 19. Rhf1 Ngf6 20. f5 O-O 21. fxg6 fxg6 22. Ne6 Rf7 23. Rf3 Ng4 24. Rdf1 Rxf3 25. Rxf3 Nxe3 26. Qxe3 Nf8 27. Nxf8 Rxf8 28. Kc2 Rxf3 29. Qxf3 Qf7 30. Qxf7+ Kxf7 31. Ne2 Bh6 32. Kd3 Kf6 33. Ng1 Ke7 34. Nh3 Kd7 35. Ke2 c6 36. Nf2 b5 37. dxc6+ Kxc6 38. Kd3 bxc4+ 39. Kxc4 Be3 40. Nd3 a5 41. b4 axb4 42. Nxb4+ Kd7 43. Nd3 Kc6 44. a4 Bg1 45. Nc1 Bb6 46. Ne2 Ba5 47. Nc3 Bb6 48. Kb4 Bf2 49. Ne2 d5 50. exd5+ Kxd5 51. Kc3 Ke4 52. Kd2 Bb6 53. Nc1 Kf3 54. Nd3 Bc7 55. Kd1 e4 56. Nf4 Bxf4 57. gxf4 Kf2 58. a5 e3 59. a6 e2+ 0-1

[Event "CAN-ch"]
[Site "Montreal CAN"]
[Date "2012.08.11"]
[Round "9"]
[White "Wang, Richard"]
[Black "Kovalyov, Anton"]
[Result "1/2-1/2"]
[WhiteElo "2338"]
[BlackElo "2605"]
[PlyCount "56"]
[GameId "2160767909441773"]
[EventDate "2012.08.04"]
[EventType "swiss"]
[EventRounds "9"]
[EventCountry "CAN"]
[SourceTitle "CBM 149 Extra"]
[Source "ChessBase"]
[SourceDate "2012.08.24"]
[SourceVersion "1"]
[SourceVersionDate "2012.08.24"]
[SourceQuality "1"]

1. d4 Nf6 2. Nf3 e6 3. e3 b6 4. Bd3 Bb7 5. O-O Be7 6. b3 c5 7. Bb2 O-O 8. Nbd2 cxd4 9. exd4 Re8 10. Re1 d6 11. Qe2 Nbd7 12. a3 Bf8 13. Rac1 Rc8 14. Qf1 g6 15. g3 Bg7 16. h4 h6 17. Qh3 Qc7 18. c4 Qb8 19. b4 Qa8 20. g4 Qb8 21. d5 Nf8 22. Bxf6 Bxf6 23. Ne4 Bb2 24. Rb1 exd5 25. cxd5 Bc3 26. Bb5 Red8 27. Re3 Bg7 28. Rd1 Qa8 1/2-1/2

[Event "CAN-ch U18"]
[Site "Toronto CAN"]
[Date "2012.12.26"]
[Round "1"]
[White "Jiang, Louie"]
[Black "Chiku-Ratte, Olivier-Kenta"]
[Result "1/2-1/2"]
[WhiteElo "2328"]
[BlackElo "2064"]
[PlyCount "62"]
[GameId "2160767909410973"]
[EventDate "2012.12.26"]
[EventType "tourn"]
[EventRounds "9"]
[EventCountry "CAN"]
[SourceTitle "CBM 152 Extra"]
[Source "ChessBase"]
[SourceDate "2013.02.25"]
[SourceVersion "1"]
[SourceVersionDate "2013.02.25"]
[SourceQuality "1"]

1. e4 c5 2. Nf3 d6 3. d4 cxd4 4. Nxd4 Nf6 5. f3 Nc6 6. c4 Nxd4 7. Qxd4 g6 8. Be3 Bg7 9. Nc3 O-O 10. Qd2 a6 11. Rc1 Rb8 12. Be2 Qa5 13. Nd5 Qxd2+ 14. Kxd2 Nxd5 15. cxd5 Bxb2 16. Rb1 Bf6 17. Bxa6 Ra8 18. Bc4 b5 19. Rxb5 Ba6 20. Rb4 Bxc4 21. Rxc4 Rxa2+ 22. Rc2 Rxc2+ 23. Kxc2 Ra8 24. Rc1 Ra2+ 25. Kd3 Kg7 26. Rc2 Ra1 27. Bc1 h5 28. g3 Ra4 29. Rc4 Ra2 30. Rc2 Ra4 31. Rc4 Ra2 1/2-1/2